000 01330nam a2200349 a 4500
001 000109445
003 CHAP
005 20260424144248.0
008 140429s1985 mx a sm |||||||spa d
010 _a105907
011 _a106879
040 _cCHAP
090 _aTesis
100 1 _aVázquez Lizárraga, Jesús Enrique
_9126674
245 1 0 _aRelación entre la precipitación y el balance de humedad con la producción de fríjol (phaseolus vulgaris L.) en el margen derecha del río Santiago, Nayarit
_h[En línea]
_cpor Jesús Enrique Vázquez Lizárraga.
260 _aChapingo, Méx. :
_bEl autor,
_c1985.
500 _aPara ver el contenido del material haga clic en la liga
502 _aTesis (Ing. Agr. Esp. en Suelos) -- UACH. Departamento de Enseñanza, Investigación y Servicio en Suelos
590 _aBATCH-UPD
_b10
_c20141002
590 _aE11695DGD
_b10
_c20140521
590 _aE5652GLJ
_b05
_c20140429
590 _aE5652GLJ
_b05
_c20140430
590 _aE5765TAJ
_b05
_c20150128
590 _aE5765TAJ
_b05
_c20150128
650 1 4 _aCultivos asociados.
_930370
650 1 4 _aFrijol
_xRendimiento.
_943429
650 1 4 _aAgua de lluvia
_xAprovechamiento
_92414
856 _aFinding aid
_uhttp://10.13.5.2/tesis/sist109445.pdf
_zTeclea aquí
901 _aBK
942 _cTESIS
_2ddc
942 _n0
_2ddc
999 _c105907
_d105907